[Event "Michigan Class B"]
[Site "Auburn Hills, MI"]
[Date "2002.04.06"]
[Round "4.6"]
[White "Laurin, Edward"]
[Black "Carr, Jay"]
[Result "1/2-1/2"]
[WhiteElo "1737"]
[BlackElo "1600"]
[PlyCount "106"]
[EventDate "2002.04.26"]

1. e4 c5 2. Nc3 e6 3. Bc4 Nc6 4. d3 Nf6 5. Bg5 Be7 6. Nf3 d5 7. Bb5 d4 8. Bxc6+
bxc6 9. Ne2 h6 10. Bd2 Nd7 11. Ng3 e5 12. Nf5 Kf8 13. Nxe7 Qxe7 14. O-O g5 15.
Qc1 Kg7 16. c3 Bb7 17. b4 Rad8 18. bxc5 Qxc5 19. cxd4 exd4 20. Qb2 Nb6 21. Rfc1
Qb5 22. Qxb5 cxb5 23. Rc7 Rd7 24. Rxd7 Nxd7 25. Nxd4 a6 26. Rc1 Rc8 27. Nf5+
Kf6 28. Rxc8 Bxc8 29. Nd6 Nb6 30. Be3 Ke6 31. Nxc8 Nxc8 32. h4 f6 33. hxg5 hxg5
34. Bc5 f5 35. exf5+ Kxf5 36. f3 a5 37. a3 Ke5 38. Kf2 Kd5 39. d4 Kc4 40. Kg3
b4 41. axb4 axb4 42. Bxb4 Kxb4 43. Kg4 Kc4 44. Kxg5 Kxd4 45. f4 Ke4 46. f5 Nd6
47. f6 Ke5 48. Kg6 Ke6 49. g4 Nf7 50. Kg7 Ng5 51. Kg6 Nf7 52. Kg7 Ng5 53. Kg6
Nf7 1/2-1/2

[Event "Michigan Class B"]
[Site "Auburn Hills, MI"]
[Date "2002.04.26"]
[Round "1.1"]
[White "West, Tony"]
[Black "Matias, I.C."]
[Result "0-1"]
[WhiteElo "1797"]
[BlackElo "1666"]
[PlyCount "118"]
[EventDate "2002.04.26"]

1. e4 e5 2. Nf3 Nc6 3. Bc4 Bc5 4. O-O Nf6 5. d3 O-O 6. c3 d6 7. Bb3 Bg4 8. h3
Bh5 9. Nbd2 Qe7 10. Re1 a5 11. Nf1 a4 12. Bc2 Nd7 13. Ng3 Bxf3 14. Qxf3 g6 15.
Bh6 Rfe8 16. Nf5 Qf6 17. Qg4 Ne7 18. Ne3 Nf8 19. b3 c6 20. Qg3 Kh8 21. Ng4 Qe6
22. Bg5 Ng8 23. bxa4 f6 24. Bb3 Qe7 25. Bd2 Ne6 26. Rab1 Rab8 27. h4 f5 28.
exf5 gxf5 29. Nh2 f4 30. Qh3 Nh6 31. d4 Ba7 32. dxe5 d5 33. Bd1 Rf8 34. Ng4
Nxg4 35. Bxg4 Nc5 36. Bf5 Qf7 37. Bc2 Ne6 38. Bd1 Rbe8 39. Bg4 Rg8 40. Rb4 Qg6
41. Bxe6 Rxe6 42. Bxf4 Qf7 43. Bg3 Reg6 44. Rf4 Qg7 45. Rf3 Bb8 46. Qf5 Ba7 47.
Kf1 Bxf2 48. Rxf2 Rxg3 49. Qf6 Rxg2 50. Rxg2 Qxf6+ 51. Rf2 Qxh4 52. e6 Qh1+ 53.
Ke2 Qe4+ 54. Kd1 Qd3+ 55. Rd2 Qxc3 56. Rc2 Qa1+ 57. Kd2 Rg2+ 58. Re2 Qd4+ 59.
Kc1 Rg1+ 0-1

[Event "Michigan Class D/E"]
[Site "Auburn Hills, MI"]
[Date "2002.04.26"]
[Round "1.2"]
[White "Waltz, Glenn"]
[Black "Vasos, John"]
[Result "1/2-1/2"]
[WhiteElo "1316"]
[BlackElo "1173"]
[PlyCount "88"]
[EventDate "2002.04.26"]

1. e4 e5 2. Nf3 Nc6 3. Bb5 Nf6 4. d3 d6 5. Bg5 Bd7 6. Nc3 Be7 7. Nd5 Nxd5 8.
exd5 Nb8 9. Bxe7 Qxe7 10. Bxd7+ Nxd7 11. O-O O-O 12. Re1 f6 13. Nd4 Nb6 14. c4
Qd7 15. Ne6 Rf7 16. Qf3 c6 17. b3 Rc8 18. Rac1 Na8 19. Qh3 Re7 20. Qf5 Nc7 21.
Qe4 Nxe6 22. dxe6 Qxe6 23. f4 f5 24. Qf3 Rf7 25. c5 Qf6 26. cxd6 Qxd6 27. fxe5
Qe6 28. d4 Rd8 29. Rcd1 Rd5 30. Rd3 Rfd7 31. Qd1 g6 32. Qd2 c5 33. Qa5 b6 34.
Qa6 cxd4 35. Qc8+ Kg7 36. Qc4 b5 37. Qb4 Rxe5 38. Rxe5 Qxe5 39. Rd1 Qe3+ 40.
Kh1 a6 41. Re1 Qc3 42. Re7+ Rxe7 43. Qxe7+ Kh6 44. Qh4+ Kg7 1/2-1/2

[Event "Michigan Class D/E"]
[Site "Auburn Hills, MI"]
[Date "2002.04.26"]
[Round "1.5"]
[White "Stapel, Scott"]
[Black "Winowski, Joe"]
[Result "0-1"]
[WhiteElo "975"]
[BlackElo "1211"]
[PlyCount "68"]
[EventDate "2002.04.26"]

1. e4 e6 2. d4 d5 3. exd5 exd5 4. Nf3 Nf6 5. c4 Bb4+ 6. Bd2 Nc6 7. Bxb4 Nxb4 8.
Qa4+ Nc6 9. cxd5 Nxd5 10. Bc4 O-O 11. O-O Nf6 12. Nc3 Nxd4 13. Rad1 Nxf3+ 14.
gxf3 Bd7 15. Qb3 Qc8 16. Kh1 c6 17. Rg1 b5 18. Bd3 Nh5 19. Qc2 f5 20. Ne2 c5
21. Rg5 g6 22. Rdg1 c4 23. Bxc4+ Qxc4 24. Qxc4+ bxc4 25. Rxh5 Kh8 26. Rh4 Rfc8
27. Rxg6 Bc6 28. Kg2 Rg8 29. Nf4 Rab8 30. Rxg8+ Rxg8+ 31. Kh3 Bxf3 32. Ne6 Bg4+
33. Kg2 Be2+ 34. Kh1 Bf3# 0-1

[Event "Michigan Class B"]
[Site "Auburn Hills, MI"]
[Date "2002.04.26"]
[Round "1.2"]
[White "Schey, Danny"]
[Black "Herreshoff, Matt"]
[Result "0-1"]
[WhiteElo "1641"]
[BlackElo "1739"]
[PlyCount "104"]
[EventDate "2002.04.26"]

1. c4 c5 2. Nf3 Nc6 3. Nc3 Nf6 4. d4 cxd4 5. Nxd4 Qb6 6. Nc2 a6 7. g3 g6 8. Bg2
Bg7 9. O-O O-O 10. Rb1 d6 11. Bg5 Qc5 12. Bxf6 Bxf6 13. Ne4 Qe5 14. f4 Qf5 15.
Nxf6+ Qxf6 16. e4 Be6 17. b3 Rac8 18. g4 Qh4 19. h3 Bd7 20. Kh2 h5 21. g5 f6
22. Qd5+ Kg7 23. Ne3 fxg5 24. fxg5 Rf4 25. Qd2 Rcf8 26. Nf5+ R8xf5 27. exf5
Rxf5 28. Rxf5 Bxf5 29. Re1 Ne5 30. Qc3 Bxh3 31. Bxh3 Qxe1 32. Qxe1 Nf3+ 33. Kg3
Nxe1 34. Bc8 Nd3 35. a3 a5 36. Kf3 b6 37. Ke3 Ne5 38. Be6 Nf7 39. Kf4 Nd8 40.
Bd7 Kf7 41. Kg3 e6 42. Kh4 Ke7 43. Bb5 Nf7 44. Bc6 Ne5 45. Be4 Kf7 46. Kg3 a4
47. Bc2 axb3 48. Bxb3 Ke7 49. a4 Kd7 50. Bc2 Kc6 51. Bb1 Kc5 52. Be4 Kxc4 0-1

[Event "Michigan Class D/E"]
[Site "Auburn Hills, MI"]
[Date "2002.04.26"]
[Round "1.3"]
[White "Norwood, Wayne"]
[Black "Kyser, Bob"]
[Result "1-0"]
[WhiteElo "1173"]
[BlackElo "1247"]
[PlyCount "93"]
[EventDate "2002.04.26"]

1. e4 d5 2. exd5 Nf6 3. Nf3 Nxd5 4. d4 Bg4 5. Be2 Nc6 6. h3 Bh5 7. Nc3 e6 8.
Bd2 Bxf3 9. Bxf3 Nxd4 10. Bxd5 exd5 11. Be3 Nxc2+ 12. Qxc2 d4 13. Qe4+ Qe7 14.
Qxe7+ Bxe7 15. Bxd4 f6 16. O-O O-O-O 17. Be3 Rhe8 18. Rfc1 c6 19. Bxa7 Kc7 20.
Be3 h6 21. a4 g5 22. a5 Ra8 23. Rd1 f5 24. Bb6+ Kc8 25. Re1 Kd7 26. Rad1+ Bd6
27. Rxe8 Rxe8 28. Bc5 Re6 29. b4 Kc7 30. Bxd6+ Rxd6 31. Rxd6 Kxd6 32. f3 Ke5
33. Kf2 Kd4 34. b5 cxb5 35. Nxb5+ Kc5 36. Na7 Kb4 37. Ke3 Kxa5 38. Kd4 Kb6 39.
Nc8+ Ka5 40. Nd6 b5 41. Nxb5 Kxb5 42. Ke5 f4 43. Kf5 Kc4 44. Kg6 Kd3 45. Kxh6
g4 46. hxg4 Ke3 47. Kg6 1-0

[Event "Michigan Class B"]
[Site "Auburn Hills, MI"]
[Date "2002.04.26"]
[Round "1.4"]
[White "Moore, Robert"]
[Black "Kahn, Aaron"]
[Result "0-1"]
[WhiteElo "1600"]
[BlackElo "1727"]
[PlyCount "50"]
[EventDate "2002.04.26"]

1. e4 c5 2. Nf3 d6 3. d4 cxd4 4. Nxd4 Nf6 5. Nc3 a6 6. f4 e5 7. Nf3 Nbd7 8.
fxe5 dxe5 9. Bg5 Be7 10. Bc4 Qc7 11. Qe2 h6 12. Be3 O-O 13. O-O-O b5 14. Bb3
Bb7 15. Nd5 Nxd5 16. Bxd5 Nf6 17. Bxb7 Qxb7 18. Nxe5 Qxe4 19. Nd3 Ng4 20. Rde1
Nxe3 21. Qxe3 Qxe3+ 22. Rxe3 Bg5 23. Rhe1 Rfe8 24. Kd2 Rxe3 25. Rxe3 Re8 0-1

[Event "Michigan Masters/Experts"]
[Site "Auburn Hills, MI"]
[Date "2002.04.26"]
[Round "1.1"]
[White "Mazuchowski, Tom"]
[Black "Ghobrial, Ameer"]
[Result "1-0"]
[WhiteElo "2029"]
[BlackElo "2129"]
[Annotator "Bob Ciaffone"]
[PlyCount "69"]
[EventDate "2002.04.26"]

{Reti: King's Indian In this game, White comes up with a winning tactical
theme. He has two knights that can fork on a key square, but Black guards the
square only once. The result is a winning knight fork.} 1. g3 d5 2. Nf3 c5 3.
Bg2 Nc6 4. d3 Nf6 5. O-O e5 {The opening has become a King's Indian Reversed,
Classical Variation.} 6. a4 Bd6 {Looks natural, but Black will later regret
the weakening of his grip on the critical d5 square.} 7. Bg5 $1 Be6 8. Nc3 h6
$6 {This invites White to carry out his idea of weakening d5. Better would
have been 8...Be7, admitting his mistake in development of this bishop.} 9.
Bxf6 Qxf6 10. Nd2 $1 Ne7 $2 {If Black had seen his opponent's idea, he would
have played 10...d4 and accepted the worst of it. DIAGRAM caption: White to
fork and win.} 11. Nde4 $3 {This temporary piece sacrifice has a pretty theme;
if both knights are focused on a square where a fork can take place, you need
two defenders. Black has only one defender, so he gets forked, losing back the
piece he was up.} dxe4 12. Nxe4 Qg6 13. Nxd6+ Kf8 {White is up a pawn with a
winning position.} 14. Nb5 $6 {The natural 14.Nxb7 was better.} Bd5 15. e4 Bc6
16. Nc3 Rd8 17. Qe2 Qd6 18. f4 exf4 19. Rxf4 Ng6 20. Rf2 h5 21. Nd5 h4 22. g4
h3 23. Bf3 Bxd5 24. exd5 Nf4 25. Qd2 Nxd5 26. Bxd5 Qxd5 {Black has won back
his pawn, but his rooks are not coordinated.} 27. Raf1 Kg8 28. Rf5 Qd4+ 29. Qf2
Qxg4+ 30. Kh1 Rh5 (30... f6 31. Rxf6 gxf6 32. Rg1 {was unhappy but needed.})
31. Rxf7 Qxa4 32. Rxg7+ {A winning sacrifice by White.} Kh8 33. Rc7 Rd7 34.
Qf8+ Kh7 35. Rf7+ 1-0

[Event "Michigan Class A"]
[Site "Auburn Hills, MI"]
[Date "2002.04.26"]
[Round "1.1"]
[White "Manion, Tom"]
[Black "Hamood, Al"]
[Result "0-1"]
[WhiteElo "1837"]
[BlackElo "1891"]
[PlyCount "98"]
[EventDate "2002.04.26"]

{Round 1} 1. Nf3 Nf6 2. e3 d5 3. b3 g6 4. Bb2 Bg7 5. Be2 O-O 6. O-O c5 7. c4
Nc6 8. cxd5 Nxd5 9. Bxg7 Kxg7 10. Nc3 Nxc3 11. dxc3 Qa5 12. Qc2 h6 13. Rad1 Bf5
14. Qb2 Rfd8 15. Nh4 Be6 16. f4 Rxd1 17. Rxd1 Rd8 18. g4 Rxd1+ 19. Bxd1 c4 20.
bxc4 Bxc4 21. Bb3 Qb6 22. Kf2 Na5 23. Qa3 Nxb3 24. axb3 Qxb3 25. Qxa7 Qxc3 26.
Nf3 Bd5 27. Qd4+ Qxd4 28. Nxd4 Kf6 29. Ne2 b5 30. Nc3 Bc4 31. e4 e5 32. Ke3
exf4+ 33. Kxf4 g5+ 34. Ke3 Ke5 35. Nd1 b4 36. Nb2 Bb5 37. Nd1 b3 38. Nb2 f6 39.
Nd1 Bc6 40. Nf2 Bb5 41. Nd1 Bd7 42. Nf2 Bc8 43. Nd3+ Kd6 44. h3 Ba6 45. Nb2 Bf1
46. Kf2 Bxh3 47. Kg3 Bf1 48. Kf2 Bb5 49. Ke3 Kc5 0-1

[Event "Michigan Class C"]
[Site "Auburn Hills, MI"]
[Date "2002.04.26"]
[Round "1.2"]
[White "Holden, Anthony"]
[Black "Moroney, Timothy"]
[Result "0-1"]
[WhiteElo "1477"]
[BlackElo "1560"]
[PlyCount "112"]
[EventDate "2002.04.26"]

1. d4 d5 2. e3 Nf6 3. Bd3 c5 4. c3 Nc6 5. f4 Bg4 6. Nf3 e6 7. Nbd2 Bd6 8. g3
O-O 9. h3 Bf5 10. Qc2 Ne7 11. Ne5 Bxd3 12. Qxd3 c4 13. Qc2 Nd7 14. Ndf3 f6 15.
Ng4 b5 16. Nf2 a5 17. g4 Qb6 18. h4 b4 19. Nd1 a4 20. g5 f5 21. h5 b3 22. Qg2
a3 23. axb3 Qxb3 24. O-O axb2 25. Qxb2 Qxb2 26. Bxb2 Rxa1 27. Bxa1 Ra8 28. Nb2
Ra2 29. Rb1 Kf7 30. Nd1 Nc6 31. Bb2 Na5 32. Ra1 Rxa1 33. Bxa1 Nb3 34. Bb2 h6
35. Kf2 Nf8 36. g6+ Ke8 37. Ne5 Bxe5 38. fxe5 Nd2 39. Ba3 Ne4+ 40. Kf3 Nd7 41.
Nb2 Nxc3 42. Bb4 Ne4 43. Na4 Kd8 44. Nc3 Nxc3 45. Bxc3 Ke8 46. Ke2 Nb6 47. Kd2
Na4 48. Kc2 Nxc3 49. Kxc3 Kd7 50. Kb4 Kc6 51. Ka4 c3 52. Kb3 Kb5 53. Kxc3 Ka4
54. Kc2 Kb4 55. Kb2 Kc4 56. Kc2 f4 0-1

[Event "Michigan Class C"]
[Site "Auburn Hills, MI"]
[Date "2002.04.26"]
[Round "1.4"]
[White "Haney, Mark"]
[Black "Hollinsworth, Galon"]
[Result "1-0"]
[WhiteElo "1448"]
[BlackElo "1534"]
[PlyCount "95"]
[EventDate "2002.04.26"]

1. e4 e5 2. Nf3 Nc6 3. Bb5 a6 4. Ba4 Nf6 5. O-O b5 6. Bb3 Be7 7. Re1 d6 8. c3
Be6 9. Bxe6 fxe6 10. d4 exd4 11. cxd4 O-O 12. Bg5 h6 13. Bxf6 Bxf6 14. Nc3 Rc8
15. d5 Ne5 16. Nd4 Qd7 17. dxe6 Qe8 18. Nd5 Nc4 19. Nxf6+ Rxf6 20. Qb3 c5 21.
Nf5 Rxe6 22. Qc3 Rc7 23. b3 Ne5 24. Rad1 Qf8 25. Qh3 c4 26. Nxg7 Nf3+ 27. Kf1
Nxh2+ 28. Qxh2 Rxg7 29. e5 dxe5 30. Rxe5 Reg6 31. Re2 c3 32. Qe5 b4 33. Qa5 Kh7
34. Qd5 Rf6 35. Qe4+ Kh8 36. Qe5 Re7 37. Qxe7 Rxf2+ 38. Kg1 Rf7 39. Rd8 Rxe7
40. Rxf8+ Kg7 41. Rxe7+ Kxf8 42. Re6 a5 43. Rxh6 Ke7 44. Rc6 Kd7 45. Rc4 Kd6
46. Kf1 Kd5 47. Ke2 a4 48. Kd3 1-0

[Event "Michigan Class D/E"]
[Site "Auburn Hills, MI"]
[Date "2002.04.26"]
[Round "1.1"]
[White "Dixon, DaVaughn"]
[Black "Gibbs, Tony"]
[Result "1-0"]
[WhiteElo "1205"]
[BlackElo "1348"]
[PlyCount "53"]
[EventDate "2002.04.26"]

1. e4 e5 2. Nf3 Nf6 3. Nc3 Nc6 4. Bc4 Na5 5. Nxe5 Nxc4 6. Nxc4 Nxe4 7. Qe2 Qe7
8. Nd5 Qc5 9. Qxe4+ Kd8 10. O-O c6 11. Qh4+ f6 12. Nde3 b5 13. d4 Qe7 14. Nd2
d5 15. Nf3 Qf7 16. Qf4 g5 17. Nxg5 Qg6 18. Nf3 Rg8 19. Bd2 a5 20. Rfe1 Be7 21.
g3 Be6 22. Bxa5+ Rxa5 23. Qb8+ Bc8 24. Qb6+ Kd7 25. Qxa5 Qh5 26. Qa7+ Kd6 27.
Nf5+ 1-0

[Event "Michigan Class B"]
[Site "Auburn Hills, MI"]
[Date "2002.04.26"]
[Round "1.3"]
[White "DeFrayne, Don"]
[Black "Loo, James"]
[Result "1-0"]
[WhiteElo "1731"]
[BlackElo "1630"]
[PlyCount "83"]
[EventDate "2002.04.26"]

1. g3 c5 2. Bg2 d5 3. c4 e6 4. cxd5 exd5 5. d4 Be6 6. Nf3 Nc6 7. Nc3 Be7 8. O-O
h6 9. e3 Nf6 10. a3 O-O 11. Re1 Qc8 12. Ne5 Rd8 13. f3 Bh3 14. Ne2 Bxg2 15.
Kxg2 Bd6 16. Nd3 c4 17. Nf2 Na5 18. Bd2 Nb3 19. Rb1 Qc6 20. Bc3 a5 21. Qc2 Re8
22. Nc1 a4 23. Na2 Re7 24. Re2 Rae8 25. Rbe1 Qb6 26. Qf5 Re6 27. Rd1 Qc6 28.
Rde1 Qb6 29. Ng4 Bf8 30. Nxf6+ Rxf6 31. Qxd5 Qc7 32. Qb5 Ra8 33. Nb4 Ra5 34.
Nd5 Rxb5 35. Nxc7 Rbf5 36. e4 Rg5 37. Nd5 Rd6 38. f4 Rgxd5 39. exd5 Rxd5 40.
Re5 Rxe5 41. Rxe5 Bd6 42. Rb5 1-0

[Event "Michigan Masters/Experts"]
[Site "Auburn Hills, MI"]
[Date "2002.04.26"]
[Round "1.2"]
[White "Davidovich, Manis"]
[Black "Rogers, Bradley"]
[Result "0-1"]
[WhiteElo "2047"]
[BlackElo "2009"]
[PlyCount "181"]
[EventDate "2002.04.26"]

1. e4 e6 2. d4 d5 3. Nd2 Nf6 4. e5 Ne4 5. Bd3 c5 6. c3 Nc6 7. Ne2 Qb6 8. Nf3
cxd4 9. cxd4 f6 10. exf6 Nxf6 11. O-O Bd6 12. Nc3 O-O 13. Be3 Bd7 14. a3 Ne7
15. Ne5 Be8 16. Qe2 Nf5 17. Bxf5 exf5 18. Rfd1 Rd8 19. Bg5 Bb8 20. Qc2 h6 21.
Be3 Ne4 22. Ne2 Bh5 23. Nd3 Bxe2 24. Qxe2 f4 25. Bc1 f3 26. gxf3 Qg6+ 27. Kf1
Bxh2 28. Qe3 Ng5 29. f4 Ne4 30. Qh3 Bg1 31. Ne5 Qa6+ 32. Kxg1 Qe2 33. Qf3 Qc2
34. Be3 Qxb2 35. Rab1 Qxa3 36. Rxb7 Rf6 37. Qg4 Qf8 38. Rc1 Rb6 39. Rxb6 axb6
40. Qe6+ Kh7 41. Rc7 Rd6 42. Qg4 b5 43. Rf7 Qxf7 44. Nxf7 Rg6 45. Qxg6+ Kxg6
46. Ne5+ Kf5 47. Nd3 Nc3 48. f3 h5 49. Kf1 Na4 50. Ke1 Nb6 51. Nb4 Ke6 52. Kf2
Nc4 53. Bc1 Nd6 54. Nc2 Nf5 55. Ba3 Kf6 56. Ne3 Ke6 57. Nxf5 Kxf5 58. Bc1 b4
59. Kg3 b3 60. Kh4 g6 61. Kg3 Ke6 62. Kf2 Kd6 63. Ke3 Kc6 64. Kf2 Kb5 65. Kg3
Kc4 66. Bb2 Kd3 67. Ba1 Kc2 68. Kh4 Kb1 69. Bc3 Kc2 70. Ba1 b2 71. Bxb2 Kxb2
72. Kg5 Kc3 73. Kxg6 h4 74. f5 h3 75. f6 h2 76. f7 h1=Q 77. f8=Q Qg1+ 78. Kf5
Qxd4 79. Qa3+ Kd2 80. Qa5+ Ke2 81. f4 Qe4+ 82. Kg5 d4 83. Qa2+ Kf3 84. Qa7
Qxf4+ 85. Kg6 Ke2 86. Qa2+ Qd2 87. Qe6+ Qe3 88. Qg4+ Kf2 89. Qf5+ Kg3 90. Qb1
d3 91. Qb8+ 0-1

[Event "Michigan Class D/E"]
[Site "Auburn Hills, MI"]
[Date "2002.04.26"]
[Round "1.4"]
[White "Clark, Richard"]
[Black "Vasos, Brandon"]
[Result "0-1"]
[WhiteElo "1228"]
[BlackElo "1114"]
[PlyCount "86"]
[EventDate "2002.04.26"]

1. e4 e6 2. d4 d5 3. e5 c5 4. Nf3 Nc6 5. Bb5 Qa5+ 6. Nc3 cxd4 7. Nxd4 Bb4 8.
Qd3 Bd7 9. Bxc6 Bxc3+ 10. bxc3 Bxc6 11. Nxc6 bxc6 12. O-O Qb5 13. Qg3 g6 14.
Ba3 Qa4 15. Bd6 Qxc2 16. Rfb1 Nh6 17. Qg5 Nf5 18. g4 Nxd6 19. exd6 O-O 20. Rb7
Qa4 21. Qf6 Qxg4+ 22. Kf1 Qf5 23. Qe7 Qd3+ 24. Kg2 Qxc3 25. Rab1 Qc5 26. Rc7
Rae8 27. Qd7 Rd8 28. Rxc6 Rxd7 29. Rxc5 Rxd6 30. Rb7 a6 31. Rcc7 d4 32. Kf1 Rd5
33. Rd7 Rxd7 34. Rxd7 e5 35. Re7 Rb8 36. Rxe5 Rb1+ 37. Re1 Rxe1+ 38. Kxe1 Kg7
39. Ke2 Kf6 40. Kd3 Ke5 41. f3 g5 42. h3 Kd5 43. Kc2 Kc4 0-1

[Event "Michigan Class D/E"]
[Site "Auburn Hills, MI"]
[Date "2002.04.27"]
[Round "2.1"]
[White "Winowski, Joe"]
[Black "Norwood, Wayne"]
[Result "1-0"]
[WhiteElo "1211"]
[BlackElo "1173"]
[Annotator "Tim McGrew"]
[PlyCount "47"]
[EventDate "2002.04.26"]

{Sicilian: Barnes} 1. e4 c5 2. Nf3 e6 3. d4 cxd4 4. Nxd4 Nc6 5. Nc3 Bb4 {This
puzzling move was first used successfully by the great English master
Blackburne. It remains a viable choice; Krasenkow (2700) used it in the 2000
FIDE knockouts against Macieja.} 6. Nb3 $6 {This looks too cooperative.} (6.
Ndb5 $5 {gives Black more to think about.}) 6... Nf6 7. Bd3 d5 8. exd5 Nxd5 9.
Bd2 Bxc3 10. bxc3 Qf6 11. c4 Ndb4 (11... Nf4 $5 {comes into consideration.})
12. O-O O-O 13. Re1 Rd8 14. Be4 Ne5 $2 {Leaving the knight at b4 defenseless.
This creates tactical opportunities for White. DIAGRAM} 15. Bxh7+ $5 {A good
idea, but in this case there is an even better way to exploit Black's various
loose pieces.} (15. Qh5 $1 g6 16. Bg5 $1 gxh5 17. Bxf6 {and thanks to the fork
White is winning a full piece.}) 15... Kxh7 16. Qh5+ Kg8 17. Bxb4 Nxc4 18. Re4
Nd2 $2 {If Black still had an h-pawn, say on h6, this would be a good concept.
White cannot capture twice on d2 because of his rook on a1, which hangs at the
end of the exchanges. But White gets there first on the h-file.} (18... Rd5 $1
{is the right way to get the queen off of the h-file before the rook can swing
behind her, e.g.} 19. Qh3 (19. Qh4 Qxh4 20. Rxh4 $11) 19... b5 {and now White
can't afford} 20. Rh4 $4 {because of} Qxa1+ $1 21. Nxa1 Rd1+ 22. Be1 Rxe1#) 19.
Rh4 $1 Qh6 {So much for the attack on a1.} 20. Nxd2 Qxh5 21. Rxh5 g6 22. Rh4 a5
23. Bc3 b5 {Missing the point, perhaps because this is a move White "had" to
make in response to Black's own threat. But even moves that meet threats may
carry a threat of their own.} 24. Rh8# {Pattern recognition is so important!}
1-0

[Event "Michigan Class B"]
[Site "Auburn Hills, MI"]
[Date "2002.04.27"]
[Round "3.3"]
[White "West, Tony"]
[Black "Herreshoff, Matt"]
[Result "0-1"]
[WhiteElo "1797"]
[BlackElo "1739"]
[PlyCount "90"]
[EventDate "2002.04.26"]

1. e4 c6 2. d4 d5 3. Nc3 dxe4 4. Nxe4 Nf6 5. Ng3 Bg4 6. Be2 Bxe2 7. N1xe2 e6 8.
O-O Bd6 9. c4 Nbd7 10. Qb3 Qb6 11. Qf3 Qb4 12. c5 Be7 13. a3 Qa5 14. b4 Qd8 15.
Nc3 a6 16. Nge4 Nxe4 17. Nxe4 Nf6 18. Bf4 Qxd4 19. Nd6+ Bxd6 20. Bxd6 O-O-O 21.
Rfe1 Qg4 22. Qb3 Nd5 23. h3 Qh4 24. Rad1 Rhe8 25. Rd3 f6 26. Rg3 Rd7 27. Rg4
Qh5 28. a4 Nc7 29. b5 Qd5 30. Qb1 cxb5 31. axb5 Nxb5 32. Rd1 Qf5 33. Qc1 Nxd6
34. cxd6+ Kb8 35. Rc4 Red8 36. Rc7 Qa5 37. Rc5 Qb6 38. Rh5 Rxd6 39. Rxd6 Qxd6
40. Rxh7 Qd1+ 41. Qxd1 Rxd1+ 42. Kh2 Rd7 43. Rh8+ Ka7 44. Re8 e5 45. Re6 a5 0-1

[Event "Michigan Class D/E"]
[Site "Auburn Hills, MI"]
[Date "2002.04.27"]
[Round "3.4"]
[White "Waltz, Glenn"]
[Black "Vasos, Brandon"]
[Result "1-0"]
[WhiteElo "1316"]
[BlackElo "1114"]
[PlyCount "35"]
[EventDate "2002.04.26"]

1. d4 e6 2. e4 d5 3. e5 c5 4. Nf3 Nc6 5. c3 Qb6 6. dxc5 Bxc5 7. Qd2 f6 8. exf6
Nxf6 9. Bd3 O-O 10. b4 Nxb4 11. cxb4 Bxb4 12. Nc3 d4 13. Nxd4 Qxd4 14. Bxh7+
Kxh7 15. Qxd4 Nd5 16. Bd2 Rf4 17. Qd3+ Rf5 18. g4 1-0

[Event "Michigan Class C"]
[Site "Auburn Hills, MI"]
[Date "2002.04.27"]
[Round "1.15"]
[White "Venia, Mike"]
[Black "Hazzard, Bill"]
[Result "0-1"]
[WhiteElo "1400"]
[BlackElo "1500"]
[PlyCount "56"]
[EventDate "2002.04.26"]

1. d4 d5 2. Nf3 Nf6 3. c4 c6 4. e3 Bg4 5. Be2 Nbd7 6. Nc3 e6 7. O-O Bd6 8. cxd5
exd5 9. Bd2 Rc8 10. Ne1 Bf5 11. Bd3 Bxd3 12. Nxd3 O-O 13. b4 Re8 14. h3 Ne4 15.
Nc5 Ndxc5 16. bxc5 Bb8 17. Ne2 Qh4 18. Be1 Re6 19. f3 Ng3 20. Nxg3 Bxg3 21.
Bxg3 Qxg3 22. Qe1 Qg6 23. Qb1 Rc7 24. Qb3 Rce7 25. Rae1 Qg3 26. e4 dxe4 27. d5
exf3 28. Qxf3 Qxf3 0-1

[Event "Michigan Class D/E"]
[Site "Auburn Hills, MI"]
[Date "2002.04.27"]
[Round "3.6"]
[White "Vasos, John"]
[Black "Kyser, Bob"]
[Result "1-0"]
[WhiteElo "1173"]
[BlackElo "1247"]
[PlyCount "57"]
[EventDate "2002.04.26"]

1. d4 e6 2. c4 c5 3. d5 exd5 4. cxd5 d6 5. e4 Nf6 6. Nc3 Bd7 7. Qb3 b6 8. Nf3
a6 9. a4 Bg4 10. Be2 Nbd7 11. Bg5 Ra7 12. O-O Bxf3 13. Bxf3 Rc7 14. Be2 Qc8 15.
Bxf6 gxf6 16. f4 c4 17. Qc2 h5 18. Rf3 h4 19. h3 f5 20. Re3 Kd8 21. e5 dxe5 22.
Qxf5 Bc5 23. Qg5+ f6 24. Qf5 Bxe3+ 25. Kf1 Bxf4 26. Rd1 Rh6 27. Qe6 Rh8 28. d6
Rc5 29. Qe7# 1-0

[Event "Michigan Class A"]
[Site "Auburn Hills, MI"]
[Date "2002.04.27"]
[Round "1.12"]
[White "Vandivier, Don"]
[Black "Morris, Jewell"]
[Result "1-0"]
[WhiteElo "1924"]
[BlackElo "1847"]
[Annotator "Don Vandivier"]
[PlyCount "65"]
[EventDate "2002.04.26"]

{Scandinavian: Modern} 1. e4 d5 2. exd5 Nf6 3. Nf3 Nxd5 4. c4 Nf6 (4... Nb6 5.
d4 Bg4 6. c5 $5 Nd5 $2 (6... Bxf3 7. Qxf3 Nd5 8. Qb3 b6 9. Bg5 h6 10. Nc3 $5
Nxc3 11. Bc4 $3 Qxd4 12. Bxf7+ Kd8 13. Be3 Qe5 14. bxc3 Kc8 15. Bd5 c6 16. Be6+
Kb7 17. cxb6 Qb5 18. bxa7 Rxa7 19. Qxb5+ cxb5 20. Bd5+ Ka6 21. a4 b4 22. Bc4+
Kb7 23. Bxa7 Kxa7 24. cxb4 e5 25. b5 Bb4+ 26. Ke2) 7. Qb3 Bxf3 8. Qxb7 Ne3 9.
Qxf3 Nc2+ 10. Kd1 Nxa1 11. Bb5+ Nd7 12. Bxd7+ Kxd7 13. Qd5+ Ke8 14. Qc6+ Qd7
15. Qxa8+) 5. d4 c5 6. d5 e6 7. Nc3 exd5 $6 8. cxd5 Bf5 $6 9. Bb5+ Bd7 10. O-O
Bd6 11. Re1+ Kf8 {Forced} 12. Bg5 Bxb5 $2 (12... h6 13. Bxf6 Qxf6 14. Bxd7 Nxd7
15. Ne4 Qe7 16. Rc1 Ne5 17. Nxc5 Nxf3+ 18. Qxf3 Qh4 19. h3 Qf4 20. Qxf4 Bxf4
21. Rc4) 13. Nxb5 h6 14. Bh4 g5 15. Nxd6 Qxd6 16. Bg3 Qxd5 $2 17. Qxd5 Nxd5 18.
Rad1 Nf4 19. Rd8+ Kg7 20. Rxh8 Kxh8 21. Re8+ Kg7 22. Ne5 f6 23. Bxf4 $1 gxf4
24. Nd7 Kf7 25. Rh8 Ke7 26. Nxb8 Kd6 27. Rc8 a5 28. a4 c4 29. Kf1 Kd5 30. Ke2
b5 31. axb5 a4 32. Rd8+ Kc5 $2 (32... Ke6 33. b6 $1 f3+ 34. gxf3 a3 35. bxa3
Rxa3 36. b7 Rb3 37. Na6 $1) 33. Nd7+ 1-0

[Event "Michigan Class B"]
[Site "Auburn Hills, MI"]
[Date "2002.04.27"]
[Round "2.14"]
[White "Steen, Harold"]
[Black "Hershberger, Kent"]
[Result "1-0"]
[WhiteElo "1617"]
[BlackElo "1664"]
[PlyCount "118"]
[EventDate "2002.04.26"]

1. d4 Nf6 2. Nf3 e6 3. e3 b6 4. Bd3 Bb7 5. Nbd2 Be7 6. b3 O-O 7. Bb2 d6 8. O-O
Nbd7 9. Qe2 Nd5 10. a3 h6 11. Rac1 c5 12. c4 N5f6 13. e4 cxd4 14. Nxd4 e5 15.
Nf5 Nc5 16. f3 Nxd3 17. Qxd3 Re8 18. Rfd1 Bf8 19. Nf1 Qc7 20. N1e3 Rad8 21. Nd5
Qc5+ 22. Kh1 Re6 23. b4 Qc8 24. Nxf6+ Rxf6 25. Bxe5 Rg6 26. Bg3 Ba6 27. e5 d5
28. b5 Bb7 29. cxd5 Qd7 30. d6 Qe6 31. Rc7 Bd5 32. Re7 Bxe7 33. Nxe7+ Kh8 34.
Nxd5 Rxg3 35. hxg3 Qxe5 36. Nf4 g5 37. Nh5 g4 38. Qd5 Qxd5 39. Rxd5 gxf3 40.
gxf3 Kg8 41. d7 Kf8 42. f4 Ke7 43. Kg2 Rxd7 44. Rxd7+ Kxd7 45. Kf3 Kd6 46. Ke4
Kc5 47. Ke5 Kxb5 48. Kf6 Ka4 49. Kxf7 b5 50. f5 a5 51. f6 b4 52. axb4 axb4 53.
Kg7 b3 54. f7 b2 55. f8=Q b1=Q 56. Qa8+ Kb3 57. Qb8+ Kc2 58. Qxb1+ Kxb1 59.
Kxh6 Kc2 1-0